| 000 | 00410nam a22001457a 4500 | ||
|---|---|---|---|
| 082 |
_a954.91 _bSEE _cDonation |
||
| 100 |
_aH.M Seervai _948751 |
||
| 245 | _aPartition of India : Legend and Reality Pakistan | ||
| 250 | _a1st Ed. | ||
| 260 |
_aPakistan _bThe Army Press _c1991 |
||
| 300 |
_aviii, 194 p. : _bill. : _c6 Cm |
||
| 526 |
_a0 _b0 _c0 _d954_910000000000000_SEE |
||
| 650 |
_aMCE _9379 |
||
| 942 |
_2ddc _cBK |
||
| 999 |
_c551602 _d551602 |
||